[Event "Montreal op"]
[Site "Montreal CAN"]
[Date "2018.09.07"]
[Round "1.7"]
[White "Tanaka, Tyler"]
[Black "Ouellet, Maili-Jade"]
[Result "1-0"]
[WhiteElo "2096"]
[BlackElo "2266"]
[PlyCount "79"]
[EventDate "2018.09.07"]
[EventType "swiss"]
[EventRounds "5"]
[EventCountry "CAN"]

1. e4 c5 2. Nf3 e6 3. d4 cxd4 4. Nxd4 a6 5. c4 Nf6 6. Nc3 Qc7 7. a3 b6 8. Be3
Bb7 9. f3 d6 10. Be2 Be7 11. Qd2 Nbd7 12. Rc1 O-O 13. O-O Rac8 14. b4 Rfe8 15.
Rfd1 Qb8 16. Kh1 Bd8 17. Nb3 Bc7 18. Bf4 e5 19. Be3 Bc6 20. g4 Nf8 21. g5 Nh5
22. Nd5 Bd8 23. b5 Bxd5 24. Qxd5 Bc7 25. bxa6 Ne6 26. Qd2 Nhf4 27. Bf1 Qa8 28.
Bxf4 Nxf4 29. Qb4 Re6 30. a4 Rg6 31. Qb5 Rxg5 32. a5 bxa5 33. Nxa5 Rb8 34. Nb7
Ne6 35. Qc6 Rc8 36. Bh3 Qa7 37. c5 Rg6 38. Qd7 Qa8 39. Bxe6 Rxe6 40. cxd6 1-0

[Event "Montreal op"]
[Site "Montreal CAN"]
[Date "2018.09.07"]
[Round "1.8"]
[White "Beaulieu, Eric"]
[Black "Poulin, Maurice"]
[Result "1-0"]
[WhiteElo "2262"]
[BlackElo "2085"]
[PlyCount "81"]
[EventDate "2018.09.07"]
[EventType "swiss"]
[EventRounds "5"]
[EventCountry "CAN"]

1. d4 g6 2. Nf3 Bg7 3. c4 d6 4. g3 Nc6 5. Bg2 e5 6. d5 Nce7 7. h4 Nf6 8. Nc3
O-O 9. Bg5 a6 10. Qc1 Bd7 11. a4 c5 12. Bxf6 Bxf6 13. Ne4 Nf5 14. g4 Nd4 15.
Nxd4 exd4 16. g5 Be7 17. Ra3 b5 18. Qf4 Bf5 19. Ng3 Bd7 20. Ne4 Bf5 21. axb5
axb5 22. cxb5 Rxa3 23. bxa3 Qa5+ 24. Qd2 Qxb5 25. O-O Bxe4 26. Bxe4 Qd7 27. Qf4
f6 28. Qg3 f5 29. Bd3 Qa4 30. h5 c4 31. Bb1 Qe8 32. Rd1 d3 33. exd3 Qa4 34. Re1
Rb8 35. hxg6 hxg6 36. dxc4 Bf8 37. Bd3 Qxa3 38. Qe3 Bg7 39. Qe6+ Kh7 40. Re3
Qc1+ 41. Kg2 1-0

[Event "Montreal op"]
[Site "Montreal CAN"]
[Date "2018.09.07"]
[Round "1.9"]
[White "Xu, Daniel"]
[Black "Huang, Qiuyu"]
[Result "0-1"]
[WhiteElo "2067"]
[BlackElo "2249"]
[PlyCount "90"]
[EventDate "2018.09.07"]
[EventType "swiss"]
[EventRounds "5"]
[EventCountry "CAN"]

1. d4 d5 2. c4 e6 3. Nc3 Nf6 4. Bg5 Be7 5. e3 O-O 6. Nf3 h6 7. Bh4 b6 8. Bd3
Bb7 9. O-O Ne4 10. Bxe7 Qxe7 11. Nd2 Nxd2 12. Qxd2 Nd7 13. e4 dxc4 14. Bxc4 Nf6
15. Qe2 Rfd8 16. Rfd1 a6 17. e5 Nd7 18. Bd3 b5 19. Be4 Bxe4 20. Qxe4 Nb6 21. d5
exd5 22. Nxd5 Nxd5 23. Rxd5 Rxd5 24. Qxd5 Rd8 25. Qe4 Rd2 26. b4 Qd8 27. h3 Qd4
28. Qxd4 Rxd4 29. a3 Rc4 30. Kf1 Rc2 31. Re1 Kf8 32. Re3 Ke7 33. g4 g5 34. Kg2
Ke6 35. Kg3 Rc4 36. h4 Kd5 37. hxg5 hxg5 38. Rf3 c5 39. bxc5 Rxc5 40. Kg2 Rc4
41. Rxf7 Rc3 42. Rf5 Rxa3 43. Rxg5 b4 44. Rg8 Ra5 45. Rc8 b3 0-1

[Event "Montreal op"]
[Site "Montreal CAN"]
[Date "2018.09.07"]
[Round "1.10"]
[White "Soudre, Nicolas"]
[Black "Zhong, Kevin"]
[Result "1/2-1/2"]
[WhiteElo "2232"]
[BlackElo "2032"]
[PlyCount "47"]
[EventDate "2018.09.07"]
[EventType "swiss"]
[EventRounds "5"]
[EventCountry "CAN"]

1. e4 c5 2. Nc3 Nc6 3. Bb5 Nd4 4. Bc4 e6 5. Nf3 Ne7 6. Nxd4 cxd4 7. Ne2 Nc6 8.
O-O Bc5 9. Ng3 O-O 10. d3 d5 11. Bb3 dxe4 12. Nxe4 Be7 13. Qh5 Na5 14. Ng5 Bxg5
15. Bxg5 Qc7 16. Ba4 a6 17. Be7 Qxe7 18. Qxa5 Qd6 19. Bb3 b6 20. Qd2 Bb7 21.
Rae1 Rac8 22. f4 Rc5 23. Re2 Bd5 24. Rfe1 1/2-1/2

[Event "Montreal op"]
[Site "Montreal CAN"]
[Date "2018.09.07"]
[Round "1.11"]
[White "Pare, Marc"]
[Black "Dunne, Francesco"]
[Result "0-1"]
[WhiteElo "2023"]
[BlackElo "2209"]
[PlyCount "82"]
[EventDate "2018.09.07"]
[EventType "swiss"]
[EventRounds "5"]
[EventCountry "CAN"]

1. e4 e5 2. Nf3 Nc6 3. d4 exd4 4. c3 d5 5. exd5 Qxd5 6. Be2 Bg4 7. cxd4 Bb4+ 8.
Nc3 Bxf3 9. Bxf3 Qc4 10. Bxc6+ bxc6 11. Qe2+ Qxe2+ 12. Kxe2 O-O-O 13. Be3 Ne7
14. Rac1 Nf5 15. Rhd1 Rhe8 16. Kf3 Ba5 17. Na4 Re6 18. Nc5 Red6 19. Rc4 Bb6 20.
b4 Rd5 21. g4 Nd6 22. Rc3 f5 23. Ne6 fxg4+ 24. Kxg4 Re8 25. Nf4 Rb5 26. a3 Kd7
27. Rdc1 Re4 28. Rxc6 g5 29. Kf3 gxf4 30. Rxd6+ Kxd6 31. Kxe4 fxe3 32. fxe3 a5
33. Rc4 Rh5 34. Rc2 Rh4+ 35. Kd3 axb4 36. axb4 Kd5 37. Rf2 Rh3 38. Rf5+ Ke6 39.
Rf2 c6 40. Rc2 Kd5 41. Rf2 Bxd4 0-1

[Event "Montreal op"]
[Site "Montreal CAN"]
[Date "2018.09.07"]
[Round "1.12"]
[White "Berube, Antoine"]
[Black "Saine, Zachary"]
[Result "1/2-1/2"]
[WhiteElo "2200"]
[BlackElo "2010"]
[PlyCount "102"]
[EventDate "2018.09.07"]
[EventType "swiss"]
[EventRounds "5"]
[EventCountry "CAN"]

1. d4 d5 2. c4 e6 3. Nf3 c6 4. e3 Nd7 5. Bd3 Ngf6 6. O-O Be7 7. Nc3 dxc4 8.
Bxc4 b5 9. Bd3 Bb7 10. e4 b4 11. Na4 O-O 12. e5 Nd5 13. Qe2 Re8 14. Qe4 Nf8 15.
h4 h6 16. Qg4 f5 17. exf6 Nxf6 18. Qg3 Nh5 19. Qe5 Nf6 20. Nc5 Bxc5 21. Qxc5
Nd5 22. Bd2 a5 23. Rac1 Qc7 24. Rfe1 Nd7 25. Qc2 e5 26. Bh7+ Kh8 27. Be4 Qd6
28. dxe5 Nxe5 29. Nxe5 Rxe5 30. Bf3 Rae8 31. Rxe5 Rxe5 32. Qc5 Qf6 33. Qxa5
Qxh4 34. Qa7 Re7 35. a4 Qf6 36. Bxd5 cxd5 37. Bxb4 Qxb2 38. Qb8+ Kh7 39. Bxe7
Qxc1+ 40. Kh2 Qc6 41. Qe5 d4 42. Qf5+ Qg6 43. Qxg6+ Kxg6 44. Kg3 Kf5 45. f3 g5
46. Kf2 h5 47. g3 g4 48. fxg4+ hxg4 49. Ke2 Ba6+ 50. Kd2 Ke4 51. a5 Bf1 1/2-1/2

[Event "Montreal op"]
[Site "Montreal CAN"]
[Date "2018.09.08"]
[Round "2.1"]
[White "Huang, Qiuyu"]
[Black "Yu, Zong Yang"]
[Result "1/2-1/2"]
[WhiteElo "2249"]
[BlackElo "2452"]
[PlyCount "66"]
[EventDate "2018.09.07"]
[EventType "swiss"]
[EventRounds "5"]
[EventCountry "CAN"]

1. e4 c5 2. Nf3 d6 3. d4 cxd4 4. Nxd4 Nf6 5. Nc3 g6 6. Be3 Bg7 7. f3 a6 8. a4
Nc6 9. Bc4 Bd7 10. Qd2 Rc8 11. Ba2 O-O 12. O-O Re8 13. Nxc6 Bxc6 14. Ne2 b6 15.
Nd4 Bb7 16. c4 a5 17. Rac1 Nd7 18. Bb1 Nc5 19. Bc2 Be5 20. b3 Bc6 21. Rfe1 Qc7
22. Rcd1 Red8 23. Qf2 Bg7 24. Qg3 Rd7 25. Nf5 Bc3 26. Re2 Kh8 27. Nd4 Qd8 28.
Bf2 e5 29. Nxc6 Rxc6 30. f4 Bb2 31. f5 Qf6 32. Be3 Qg7 33. Rf2 gxf5 1/2-1/2

[Event "Montreal op"]
[Site "Montreal CAN"]
[Date "2018.09.08"]
[Round "2.2"]
[White "Dunne, Francesco"]
[Black "Hirschberg, Valerian"]
[Result "1-0"]
[WhiteElo "2209"]
[BlackElo "2315"]
[PlyCount "131"]
[EventDate "2018.09.07"]
[EventType "swiss"]
[EventRounds "5"]
[EventCountry "CAN"]

1. e4 c5 2. Nf3 Nc6 3. Bb5 g6 4. Bxc6 bxc6 5. O-O Bg7 6. Re1 Nh6 7. c3 O-O 8.
h3 d5 9. e5 f6 10. d4 cxd4 11. cxd4 Nf7 12. exf6 exf6 13. Nbd2 Nd6 14. Nb3 Ne4
15. Bf4 g5 16. Bh2 f5 17. Ne5 g4 18. Qd3 gxh3 19. Qxh3 f4 20. Qh5 Rf5 21. Qf3
Bxe5 22. dxe5 Qg5 23. Rxe4 dxe4 24. Qxe4 Rxe5 25. Qxc6 Qe7 26. Bxf4 Bb7 27. Qc3
Re6 28. Nc5 Rc8 29. Qg3+ Rg6 30. Qb3+ Kh8 31. Nxb7 Rb6 32. Qg3 Rg6 33. Qf3 Rf8
34. Be5+ Kg8 35. Qb3+ Rf7 36. Nd6 Rxd6 37. Bxd6 Qxd6 38. Rd1 Qf4 39. Rd8+ Kg7
40. Qc3+ Kh6 41. Qd2 Qxd2 42. Rxd2 Kg6 43. f3 Kf5 44. Re2 Rd7 45. Kf2 Rb7 46.
b3 Rd7 47. g4+ Kf4 48. Re4+ Kg5 49. Kg3 Kf6 50. Kf4 Rc7 51. Rc4 Re7 52. a4 Rb7
53. b4 Ke6 54. Ke4 Rd7 55. Rc6+ Kf7 56. b5 Re7+ 57. Kd4 Rd7+ 58. Kc4 Ke7 59. a5
Rb7 60. b6 a6 61. Rc7+ Rxc7+ 62. bxc7 Kd7 63. Kc5 Kxc7 64. f4 h6 65. f5 Kd7 66.
Kb6 1-0

[Event "Montreal op"]
[Site "Montreal CAN"]
[Date "2018.09.08"]
[Round "2.3"]
[White "Masse, Hugues"]
[Black "Lopez Linares, Lizandro"]
[Result "1-0"]
[WhiteElo "2278"]
[BlackElo "2190"]
[PlyCount "113"]
[EventDate "2018.09.07"]
[EventType "swiss"]
[EventRounds "5"]
[EventCountry "CAN"]

1. e4 c6 2. d4 d5 3. e5 Bf5 4. Nf3 e6 5. Be2 Nd7 6. O-O Rc8 7. Nbd2 a6 8. c4
Nh6 9. a4 Be7 10. a5 O-O 11. Nb3 Bg6 12. Bf4 f6 13. Qd2 Nf7 14. Rfe1 Re8 15.
Rac1 fxe5 16. dxe5 Bc5 17. Nxc5 Nxc5 18. Qb4 Nd3 19. Bxd3 Bxd3 20. cxd5 cxd5
21. Rxc8 Qxc8 22. Rc1 Qd7 23. Qc3 Qb5 24. Nd4 Qc4 25. b3 Qxc3 26. Rxc3 Bg6 27.
Rc7 Nd8 28. Bg5 Nc6 29. Nxc6 bxc6 30. Rxc6 Bd3 31. Be3 Kf7 32. f4 h5 33. Kf2
Rb8 34. Bb6 Rb7 35. Ke3 Bf1 36. g3 Bb5 37. Rc8 Be8 38. Kd4 Bd7 39. Ra8 Bb5 40.
Rh8 Kg6 41. h3 Rd7 42. g4 hxg4 43. hxg4 Rf7 44. Ke3 Re7 45. Rc8 Re8 46. Rc5 Bf1
47. b4 Rf8 48. Rc6 Kf7 49. f5 Re8 50. Kf4 Bd3 51. Bc5 Bc4 52. Rc7+ Kg8 53. Bd6
Ba2 54. f6 gxf6 55. exf6 e5+ 56. Bxe5 d4 57. Rg7+ 1-0

[Event "Montreal op"]
[Site "Montreal CAN"]
[Date "2018.09.08"]
[Round "2.4"]
[White "Tanaka, Tyler"]
[Black "Dukic, Zachary"]
[Result "0-1"]
[WhiteElo "2096"]
[BlackElo "2276"]
[PlyCount "82"]
[EventDate "2018.09.07"]
[EventType "swiss"]
[EventRounds "5"]
[EventCountry "CAN"]

1. e4 e5 2. Nf3 Nc6 3. Bb5 a6 4. Ba4 Nf6 5. O-O Be7 6. Re1 b5 7. Bb3 O-O 8. h3
Bb7 9. d3 d5 10. exd5 Nxd5 11. Nxe5 Nxe5 12. Rxe5 Qd6 13. Qe1 Bf6 14. Re2 c5
15. c3 Qc6 16. f3 Bd8 17. Bxd5 Qxd5 18. Bf4 Qxd3 19. Rd2 Qg6 20. Bd6 Bxf3 21.
Bxf8 Kxf8 22. Qe3 Bb7 23. Qxc5+ Kg8 24. Qd6 Bb6+ 25. Kh1 Bxg2+ 26. Kh2 Qxd6+
27. Rxd6 Bc7 28. Kxg2 Bxd6 29. Nd2 Re8 30. Kf3 Bc5 31. Ne4 Bb6 32. Kf4 Bc7+ 33.
Kf3 f5 34. Nc5 a5 35. Rd1 Rd8 36. Rxd8+ Bxd8 37. Ne6 Bf6 38. Nc7 b4 39. Nd5
bxc3 40. Nxf6+ Kf7 41. Nd5 c2 0-1

[Event "Montreal op"]
[Site "Montreal CAN"]
[Date "2018.09.08"]
[Round "2.6"]
[White "Li, James"]
[Black "Berube, Antoine"]
[Result "0-1"]
[WhiteElo "2020"]
[BlackElo "2200"]
[PlyCount "70"]
[EventDate "2018.09.07"]
[EventType "swiss"]
[EventRounds "5"]
[EventCountry "CAN"]

1. Nf3 Nf6 2. e3 d5 3. c4 c6 4. Nc3 e6 5. b3 Nbd7 6. Bb2 Bd6 7. Qc2 Qe7 8. Be2
a6 9. O-O e5 10. a3 O-O 11. b4 Re8 12. e4 d4 13. Na2 Nf8 14. Ne1 Bg4 15. Bxg4
Nxg4 16. f3 Nf6 17. Nd3 Nh5 18. Nac1 Ne6 19. Ne2 c5 20. g4 Nf6 21. Qb3 Nd7 22.
Ng3 g6 23. b5 Qg5 24. Rf2 Nf4 25. Nxf4 exf4 26. Nf1 h5 27. h3 Ne5 28. Nh2 Qh4
29. Raf1 Qxh3 30. Rg2 hxg4 31. Nxg4 Nxg4 32. Rxg4 Rxe4 33. Qc2 Rae8 34. Rg2 Re2
35. Rxg6+ Kf8 0-1

[Event "Montreal op"]
[Site "Montreal CAN"]
[Date "2018.09.08"]
[Round "2.7"]
[White "Saine, Zachary"]
[Black "Durette, Francis"]
[Result "0-1"]
[WhiteElo "2010"]
[BlackElo "2165"]
[PlyCount "130"]
[EventDate "2018.09.07"]
[EventType "swiss"]
[EventRounds "5"]
[EventCountry "CAN"]

1. e4 d6 2. d4 Nf6 3. Bd3 g6 4. Nf3 Bg7 5. O-O O-O 6. c3 Nbd7 7. Qc2 e5 8. dxe5
dxe5 9. Rd1 Qe7 10. b3 c5 11. a4 b6 12. Nbd2 Bb7 13. Nf1 Nh5 14. Ne3 Nf4 15.
Bc4 Nf6 16. Nd5 N4xd5 17. exd5 Rad8 18. Bg5 h6 19. Bxf6 Qxf6 20. a5 e4 21. Qxe4
Rfe8 22. Qg4 Qxc3 23. axb6 axb6 24. h4 Bxd5 25. Rac1 Bxf3 26. gxf3 Qf6 27. Bb5
Re5 28. Bc4 Rxd1+ 29. Rxd1 Rh5 30. Kg2 Rxh4 31. Qg3 Rh5 32. Rd6 Rg5 33. Rxf6
Rxg3+ 34. fxg3 Bxf6 35. g4 Bh4 36. f4 Kg7 37. Kf3 Kf6 38. Ke4 Bg3 39. Be2 Bh2
40. Bc4 h5 41. g5+ Ke7 42. f5 gxf5+ 43. Kxf5 Bg3 44. Ke4 Kf8 45. Kf3 h4 46. Bf1
Kg7 47. Bd3 f6 48. g6 b5 49. Kg4 Kh6 50. Bxb5 Kxg6 51. Bd3+ Kf7 52. Bc4+ Ke7
53. Bg8 Kd6 54. Bh7 Ke5 55. Bg6 Kd4 56. Bf7 Ke3 57. Be6 Kf2 58. Bf5 Kg2 59.
Be4+ Kh2 60. Bd3 h3 61. Bf1 Be1 62. Kf4 f5 63. Kf3 Bg3 64. Bd3 Kg1 65. Bxf5 h2
0-1

[Event "Montreal op"]
[Site "Montreal CAN"]
[Date "2018.09.08"]
[Round "2.8"]
[White "Sambuev, Bator"]
[Black "Rose, Felix"]
[Result "1-0"]
[WhiteElo "2571"]
[BlackElo "2130"]
[PlyCount "95"]
[EventDate "2018.09.07"]
[EventType "swiss"]
[EventRounds "5"]
[EventCountry "CAN"]

1. e4 c5 2. Ne2 Nc6 3. d4 cxd4 4. Nxd4 g6 5. c4 Nf6 6. Nc3 d6 7. Be2 Nxd4 8.
Qxd4 Bg7 9. Bg5 O-O 10. Qd2 Be6 11. Rc1 Qa5 12. f3 Rfc8 13. Nd5 Qxd2+ 14. Kxd2
Nxd5 15. exd5 Bd7 16. b3 Kf8 17. Bd3 a5 18. a4 Bb2 19. Rc2 Ba3 20. h4 Bc5 21.
h5 Bd4 22. Kd1 Re8 23. Re2 Rac8 24. Bf4 Rcd8 25. g4 Bc8 26. hxg6 hxg6 27. Bh6+
Bg7 28. Bd2 b6 29. Be3 Bd7 30. Kc2 Rb8 31. Bf4 Rb7 32. Reh2 Rbb8 33. Rh7 Kg8
34. Bd2 e6 35. g5 e5 36. Be4 Rf8 37. f4 Bf5 38. Bxf5 gxf5 39. Bc3 f6 40. g6
Rbe8 41. Bd2 exf4 42. Kd3 f3 43. R7h3 Re2 44. Rxf3 Rg2 45. Re1 Rxg6 46. Bf4 Rd8
47. Re7 Bf8 48. Rb7 1-0

[Event "Montreal op"]
[Site "Montreal CAN"]
[Date "2018.09.08"]
[Round "2.9"]
[White "Ouellet, Maili-Jade"]
[Black "Libersan, Thierry"]
[Result "1-0"]
[WhiteElo "2266"]
[BlackElo "2099"]
[PlyCount "43"]
[EventDate "2018.09.07"]
[EventType "swiss"]
[EventRounds "5"]
[EventCountry "CAN"]

1. d4 Nf6 2. c4 g6 3. Nc3 Bg7 4. e4 d6 5. f4 O-O 6. Nf3 c5 7. d5 e6 8. Be2 exd5
9. cxd5 b5 10. e5 dxe5 11. fxe5 Ng4 12. Bg5 Qb6 13. O-O c4+ 14. Kh1 Nd7 15. e6
fxe6 16. dxe6 Qxe6 17. Nxb5 Rb8 18. Nfd4 Qd5 19. Bxg4 Qxg5 20. Be6+ Kh8 21. Nd6
Rxb2 22. Rxf8+ 1-0

[Event "Montreal op"]
[Site "Montreal CAN"]
[Date "2018.09.08"]
[Round "2.10"]
[White "Saha, Ananda"]
[Black "Xu, Daniel"]
[Result "1-0"]
[WhiteElo "2185"]
[BlackElo "2067"]
[PlyCount "111"]
[EventDate "2018.09.07"]
[EventType "swiss"]
[EventRounds "5"]
[EventCountry "CAN"]

1. Nf3 Nf6 2. g3 g6 3. Bg2 Bg7 4. O-O O-O 5. c4 d6 6. Nc3 c6 7. d4 Qa5 8. e4 e5
9. dxe5 dxe5 10. Qe2 h6 11. Rd1 Be6 12. Bd2 Qc7 13. Rac1 Nbd7 14. Nd5 Qb8 15.
Nxf6+ Nxf6 16. Bb4 Rd8 17. Rxd8+ Qxd8 18. Nxe5 Nd7 19. Nxd7 Qxd7 20. Rd1 Qc7
21. b3 Rd8 22. Rxd8+ Qxd8 23. Bc5 b6 24. Be3 Qf6 25. h3 Qa1+ 26. Kh2 Kh7 27.
Qd2 Bb2 28. f4 c5 29. Qf2 Bd7 30. f5 g5 31. Qd2 Bd4 32. Bxd4 cxd4 33. Qd3 Qc3
34. Bf1 Qb2+ 35. Kg1 f6 36. e5 Kg7 37. exf6+ Kxf6 38. g4 Bc6 39. Qg3 Qa3 40.
Qc7 Be4 41. Qd8+ Ke5 42. Qh8+ Kf4 43. Qxd4 Qxa2 44. Qf2+ Qxf2+ 45. Kxf2 Ke5 46.
Ke3 a5 47. Kd2 Bf3 48. Kc3 h5 49. gxh5 Kxf5 50. Bd3+ Kf6 51. h6 g4 52. hxg4
Bxg4 53. h7 Kg7 54. Bc2 Bd7 55. Kd4 b5 56. c5 1-0

[Event "Montreal op"]
[Site "Montreal CAN"]
[Date "2018.09.08"]
[Round "2.11"]
[White "Adriaanse, Adam"]
[Black "Pare, Marc"]
[Result "1-0"]
[WhiteElo "2139"]
[BlackElo "2023"]
[PlyCount "74"]
[EventDate "2018.09.07"]
[EventType "swiss"]
[EventRounds "5"]
[EventCountry "CAN"]

1. e4 d5 2. exd5 Nf6 3. d4 Nxd5 4. Nf3 g6 5. c4 Nf6 6. Nc3 Bg7 7. c5 Nd5 8. Bc4
c6 9. O-O O-O 10. Re1 e6 11. Bg5 Bf6 12. Bh6 Bg7 13. Qd2 Nd7 14. Re4 Ne7 15.
Bxg7 Kxg7 16. Rae1 Nf6 17. R4e2 Ned5 18. Ne5 h5 19. Qg5 Ng4 20. Qxd8 Rxd8 21.
Nxg4 hxg4 22. Ne4 Ne7 23. Rd2 Nf5 24. Red1 b6 25. Be2 Ne7 26. Nd6 f5 27. Bc4
Nd5 28. Bxd5 cxd5 29. b4 Ba6 30. b5 Rxd6 31. cxd6 Bxb5 32. Rc1 Bc4 33. f3 gxf3
34. gxf3 Rd8 35. Rb2 Rxd6 36. Kf2 Kf7 37. Ke3 b5 {etc.} 1-0

[Event "Montreal op"]
[Site "Montreal CAN"]
[Date "2018.09.08"]
[Round "3.1"]
[White "Dukic, Zachary"]
[Black "Dunne, Francesco"]
[Result "1/2-1/2"]
[WhiteElo "2276"]
[BlackElo "2209"]
[PlyCount "62"]
[EventDate "2018.09.07"]
[EventType "swiss"]
[EventRounds "5"]
[EventCountry "CAN"]

1. e4 e5 2. Nf3 Nc6 3. Bb5 a6 4. Ba4 Nf6 5. O-O Be7 6. d3 d6 7. c3 b5 8. Bc2
O-O 9. Re1 Re8 10. d4 Bb7 11. Nbd2 Bf8 12. a3 Nb8 13. h3 Nbd7 14. Nh2 g6 15.
Nhf1 Bg7 16. Ng3 c5 17. d5 c4 18. Nf3 Nc5 19. Be3 Qc7 20. Qd2 Reb8 21. Bh6 Bc8
22. Nh4 Qd8 23. Bxg7 Kxg7 24. Qg5 Bd7 25. Nhf5+ Bxf5 26. Nxf5+ Kh8 27. Nh6 Ra7
28. Qe3 Nh5 29. g3 Qf8 30. Kh2 Re8 31. Rf1 Raa8 1/2-1/2

[Event "Montreal op"]
[Site "Montreal CAN"]
[Date "2018.09.08"]
[Round "3.4"]
[White "Durette, Francis"]
[Black "Huang, Qiuyu"]
[Result "1/2-1/2"]
[WhiteElo "2165"]
[BlackElo "2249"]
[PlyCount "46"]
[EventDate "2018.09.07"]
[EventType "swiss"]
[EventRounds "5"]
[EventCountry "CAN"]

1. Nf3 d5 2. c4 e6 3. d4 Nf6 4. Nc3 Nbd7 5. Bg5 Bb4 6. e3 c5 7. cxd5 exd5 8.
Be2 Qa5 9. O-O Bxc3 10. bxc3 c4 11. Bxf6 Nxf6 12. Qc2 g6 13. Nd2 Bf5 14. Qb2
O-O 15. f3 Rab8 16. e4 dxe4 17. fxe4 Nxe4 18. Nxe4 Bxe4 19. Bxc4 b5 20. Bb3 Kg7
21. Qf2 f5 22. Qg3 Rfe8 23. a4 b4 1/2-1/2

[Event "Montreal op"]
[Site "Montreal CAN"]
[Date "2018.09.08"]
[Round "3.5"]
[White "Saha, Ananda"]
[Black "Sambuev, Bator"]
[Result "0-1"]
[WhiteElo "2185"]
[BlackElo "2571"]
[PlyCount "74"]
[EventDate "2018.09.07"]
[EventType "swiss"]
[EventRounds "5"]
[EventCountry "CAN"]

1. Nf3 Nf6 2. g3 g6 3. Bg2 Bg7 4. O-O O-O 5. c4 d6 6. Nc3 Nc6 7. d4 Bf5 8. Re1
Ne4 9. Nh4 Nxc3 10. bxc3 Bd7 11. Ba3 e5 12. e3 Re8 13. c5 e4 14. Bf1 d5 15. Rb1
Rb8 16. Qc2 g5 17. Ng2 Ne7 18. Rb2 a6 19. Reb1 Bc6 20. Qd2 Ng6 21. Ne1 Ra8 22.
Nc2 a5 23. Bb5 f5 24. c4 Ne7 25. Na1 Qd7 26. cxd5 Nxd5 27. Bc4 Kh8 28. Nb3 f4
29. Bxd5 Bxd5 30. Nxa5 Qh3 31. exf4 gxf4 32. Qxf4 Rxa5 33. Bb4 Ra6 34. Bc3 Rh6
35. f3 Rf6 36. Qxc7 Rxf3 37. Qd6 Ref8 0-1

[Event "Montreal op"]
[Site "Montreal CAN"]
[Date "2018.09.08"]
[Round "3.6"]
[White "Hirschberg, Valerian"]
[Black "Tanaka, Tyler"]
[Result "1/2-1/2"]
[WhiteElo "2315"]
[BlackElo "2096"]
[PlyCount "43"]
[EventDate "2018.09.07"]
[EventType "swiss"]
[EventRounds "5"]
[EventCountry "CAN"]

1. Nf3 Nf6 2. c4 g6 3. g3 Bg7 4. Nc3 O-O 5. Bg2 d6 6. d4 Nc6 7. O-O a6 8. h3
Rb8 9. e4 b5 10. cxb5 axb5 11. Re1 b4 12. Nd5 e5 13. dxe5 Nxe5 14. Bg5 Be6 15.
Nd4 c5 16. Nc2 Bxd5 17. Bxf6 Qxf6 18. Qxd5 Qe6 19. Rad1 Rfd8 20. Re2 Qxd5 21.
Rxd5 Nc6 22. b3 1/2-1/2

[Event "Montreal op"]
[Site "Montreal CAN"]
[Date "2018.09.08"]
[Round "3.7"]
[White "Zhong, Kevin"]
[Black "Ouellet, Maili-Jade"]
[Result "1-0"]
[WhiteElo "2032"]
[BlackElo "2266"]
[PlyCount "67"]
[EventDate "2018.09.07"]
[EventType "swiss"]
[EventRounds "5"]
[EventCountry "CAN"]

1. e4 c5 2. Ne2 d6 3. g3 Nf6 4. Bg2 e6 5. c3 Be7 6. d4 cxd4 7. cxd4 Nc6 8. Nbc3
O-O 9. O-O Rb8 10. h3 Bd7 11. Be3 a6 12. f4 b5 13. b3 b4 14. Na4 Na5 15. Nb2
Bc6 16. d5 exd5 17. exd5 Bb5 18. Nd3 Nd7 19. Nd4 Bf6 20. Rc1 Re8 21. Bf2 Bxd4
22. Bxd4 Nc5 23. Bxc5 dxc5 24. Rf2 Re3 25. Nxc5 Rxg3 26. Rf3 Rg6 27. f5 Rd6 28.
Rg3 Qh4 29. Ne4 Qf4 30. Nxd6 Qxg3 31. Nxb5 axb5 32. d6 Nb7 33. d7 Nd8 34. Qe1
1-0

[Event "Montreal op"]
[Site "Montreal CAN"]
[Date "2018.09.08"]
[Round "3.8"]
[White "Poulin, Maurice"]
[Black "Soudre, Nicolas"]
[Result "0-1"]
[WhiteElo "2085"]
[BlackElo "2232"]
[PlyCount "72"]
[EventDate "2018.09.07"]
[EventType "swiss"]
[EventRounds "5"]
[EventCountry "CAN"]

1. e4 e6 2. d4 d5 3. e5 c5 4. c3 Qb6 5. Nf3 Nc6 6. h3 Bd7 7. Be2 a5 8. a4 cxd4
9. cxd4 Nge7 10. g4 h5 11. O-O hxg4 12. hxg4 Ng6 13. Nc3 f6 14. exf6 gxf6 15.
Nb5 Be7 16. Bd3 Kf7 17. Bxg6+ Kxg6 18. Bf4 Rag8 19. Bg3 Kf7 20. g5 Qd8 21. gxf6
Bxf6 22. Re1 Qb8 23. Kg2 Ne7 24. Rh1 Nf5 25. Rxh8 Bxh8 26. Qe1 Bxb5 27. axb5 b6
28. Rc1 Nxd4 29. Nxd4 Bxd4 30. Rc6 Rg6 31. Qe2 Be5 32. Qf3+ Kg7 33. b3 Bxg3 34.
fxg3 Qe5 35. Rxb6 Qb2+ 36. Kf1 Rf6 0-1

[Event "Montreal op"]
[Site "Montreal CAN"]
[Date "2018.09.08"]
[Round "3.9"]
[White "Lopez Linares, Lizandro"]
[Black "Adriaanse, Adam"]
[Result "1/2-1/2"]
[WhiteElo "2190"]
[BlackElo "2139"]
[PlyCount "57"]
[EventDate "2018.09.07"]
[EventType "swiss"]
[EventRounds "5"]
[EventCountry "CAN"]

1. d4 Nf6 2. Nf3 e6 3. c4 Bb4+ 4. Bd2 a5 5. Qc2 d6 6. e3 O-O 7. Be2 Nbd7 8. O-O
Bxd2 9. Nbxd2 Qe7 10. Rac1 b6 11. Rfd1 e5 12. a3 Bb7 13. b3 exd4 14. Nxd4 Rfe8
15. Nf5 Qf8 16. Bf3 Bxf3 17. gxf3 g6 18. Nd4 Qh6 19. Kh1 Re5 20. Rg1 Rae8 21.
Rg2 Rg5 22. Rcg1 Rxg2 23. Rxg2 Qh5 24. a4 Qc5 25. f4 d5 26. f5 dxc4 27. bxc4
Qe5 28. fxg6 hxg6 29. N4f3 1/2-1/2

[Event "Montreal op"]
[Site "Montreal CAN"]
[Date "2018.09.08"]
[Round "3.10"]
[White "Jacquet, Stephane"]
[Black "Li, James"]
[Result "1/2-1/2"]
[WhiteElo "2059"]
[BlackElo "2020"]
[PlyCount "127"]
[EventDate "2018.09.07"]
[EventType "swiss"]
[EventRounds "5"]
[EventCountry "CAN"]

1. d4 Nf6 2. c4 e6 3. Nf3 Bb4+ 4. Bd2 Bxd2+ 5. Nbxd2 d5 6. g3 O-O 7. Bg2 c6 8.
Qc2 Nbd7 9. O-O Re8 10. Rac1 e5 11. cxd5 cxd5 12. dxe5 Nxe5 13. Nd4 Qb6 14.
N2b3 Be6 15. Nxe6 fxe6 16. Rfd1 Nfg4 17. e3 Rf8 18. Rd2 Nxf2 19. Rxf2 Qxe3 20.
Qe2 Qxf2+ 21. Qxf2 Rxf2 22. Kxf2 Nd3+ 23. Ke3 Nxc1 24. Nxc1 Rc8 25. Nd3 Kf7 26.
h4 Kf6 27. Bf3 Rc2 28. a3 b6 29. Kf4 Rc4+ 30. Ke3 Ke7 31. Kd2 Kd6 32. b3 Rc8
33. Nf4 d4 34. Ne2 Ke5 35. Kd3 g6 36. Bb7 Rc7 37. Bf3 h6 38. Be4 g5 39. hxg5
hxg5 40. Bf3 b5 41. Bg2 a6 42. Bf3 Rd7 43. Bg2 Rd6 44. Bf3 Kf5 45. Nc1 a5 46.
Ne2 e5 47. Be4+ Ke6 48. Bf3 Kf5 49. Be4+ Kg4 50. Bg2 Rd8 51. Bc6 b4 52. a4 Rf8
53. Bd5 Kf5 54. Be4+ Ke6 55. Bg2 Rf2 56. Be4 Rf1 57. Kd2 Kd6 58. Nc1 Rf2+ 59.
Ne2 Rh2 60. Kd3 Ke6 61. Kd2 Rf2 62. Ke1 Rf8 63. Kd2 Kd6 64. Nc1 1/2-1/2

[Event "Montreal op"]
[Site "Montreal CAN"]
[Date "2018.09.08"]
[Round "3.11"]
[White "Rose, Felix"]
[Black "Saine, Zachary"]
[Result "1-0"]
[WhiteElo "2130"]
[BlackElo "2010"]
[PlyCount "101"]
[EventDate "2018.09.07"]
[EventType "swiss"]
[EventRounds "5"]
[EventCountry "CAN"]

1. e4 e5 2. Nf3 Nc6 3. d4 exd4 4. Nxd4 Bc5 5. Nxc6 Qf6 6. Qf3 Qxf3 7. gxf3 bxc6
8. Bc4 Bb7 9. Nc3 Ne7 10. Na4 Bb6 11. Nxb6 axb6 12. Rg1 d5 13. Bb3 Ng6 14. Rg3
O-O 15. Be3 Rfe8 16. O-O-O Re5 17. c3 Rae8 18. Bc2 Rh5 19. f4 dxe4 20. Rd7 c5
21. Rxc7 Bd5 22. Rg5 Rxg5 23. fxg5 Ne5 24. h3 f5 25. gxf6 gxf6 26. b3 f5 27. c4
Bf7 28. Kd2 Ng6 29. Bh6 f4 30. a4 Re5 31. Rc6 Be8 32. Rxb6 Rh5 33. Rb8 Kf7 34.
Rb7+ Kg8 35. Bg7 Bc6 36. Rc7 Rxh3 37. Rxc6 e3+ 38. fxe3 fxe3+ 39. Ke1 Kxg7 40.
Bxg6 hxg6 41. Rxc5 Kf6 42. a5 Rh2 43. b4 Ra2 44. Rd5 Ke6 45. Rd3 Kf5 46. Rxe3
Kf4 47. Re2 Ra1+ 48. Kf2 Rc1 49. a6 Ra1 50. b5 Ra5 51. Rb2 1-0